| 000 | 02021cad a22002655a 4500 | ||
|---|---|---|---|
| 001 | L145511 | ||
| 008 | 081016e20081014xxkdo f s 000 0 eng d | ||
| 035 | _a(Sirsi) u145511 | ||
| 041 | 0 | _aeng | |
| 050 | 0 | 4 | _a711.26 $2 18 |
| 100 | 1 | _aProverbs, D. G. | |
| 111 | 2 |
_aConstruction and Building Research Conference _cDublin Institute of Technology, Dublin _d4-5 September 2008 |
|
| 245 | 0 | 3 |
_aAn investigation of the current state of preparedness of the flood damage management sector in the UK _bwhat lessons have been learnt? _h[electronic resource] |
| 260 |
_aLondon _bRICS _c2008 |
||
| 505 | 2 | _aFlooding and its impact on property -- What happens post flooding -- Review of existing guidance -- Methodology -- Results and findings -- Use of guidance and being prepared for the next major flood event -- Conclusions and recommendations | |
| 520 | _aRecent flooding in the UK has put demands on the damage management industry in returning flood damaged properties back to habitable condition. Services provided by the damage management community have faced criticism and a need for investigation of the literature on the subject became apparent. As a result of this review, 26 factors were identified and included in a survey of damage management companies to gather opinions on their state of preparedness for the next major flood event. Survey results indicate that damage management companies see themselves as performing well in all areas and are fully prepared for the inevitable next major flood event. Interviews with flood damage experts, on the other hand, provided conflicting results. | ||
| 521 | _aAdvanced | ||
| 590 | _aKA | ||
| 651 | 4 |
_aEngland and Wales _y1543- |
|
| 690 | _aENVIRONMENTAL AND LAND CONSULTANCY-WATER RESOURCE MANAGEMENT-FLOODING | ||
| 700 | 1 | _aRhodes, D. A. | |
| 710 | 1 |
_aRoyal Institution of Chartered Surveyors _94900 |
|
| 856 | 4 | 0 |
_uhttps://www.rics.org/site/download_feed.aspx?fileID=3322&fileExtension=PDF _zView the item free of charge online at www.rics.org... |
| 942 | _n0 | ||
| 999 |
_c108813 _d108813 |
||